<?xml version="1.0" encoding="UTF-8"?>
<record
    xmlns:xsi="http://www.w3.org/2001/XMLSchema-instance"
    xsi:schemaLocation="http://www.loc.gov/MARC21/slim http://www.loc.gov/standards/marcxml/schema/MARC21slim.xsd"
    xmlns="http://www.loc.gov/MARC21/slim">

  <leader>02011    a2200229   4500</leader>
  <controlfield tag="001">269</controlfield>
  <controlfield tag="005">20260407155418.0</controlfield>
  <controlfield tag="008">260407a2003    arg                 spa d</controlfield>
  <controlfield tag="003">AR-UNSa-BCEJYS</controlfield>
  <datafield tag="040" ind1=" " ind2=" ">
    <subfield code="a">AR-UNSa-BCEJYS</subfield>
    <subfield code="b">spa</subfield>
    <subfield code="c">AR-UNSa-BCEJYS</subfield>
  </datafield>
  <datafield tag="080" ind1=" " ind2=" ">
    <subfield code="a">347.74</subfield>
    <subfield code="x">Contratos mercantiles (comerciales...leasing))</subfield>
  </datafield>
  <datafield tag="245" ind1="1" ind2="0">
    <subfield code="a">Pr&#xE1;ctica en contratos de empresa modernos y posmodernos</subfield>
  </datafield>
  <datafield tag="020" ind1=" " ind2=" ">
    <subfield code="a">978-987-01-0014-0</subfield>
  </datafield>
  <datafield tag="264" ind1=" " ind2="1">
    <subfield code="a">Buenos Aires :</subfield>
    <subfield code="b">Errepar</subfield>
    <subfield code="c">2003</subfield>
  </datafield>
  <datafield tag="300" ind1=" " ind2=" ">
    <subfield code="a">xxii, 1304 p.</subfield>
    <subfield code="c">21 cm</subfield>
  </datafield>
  <datafield tag="505" ind1=" " ind2=" ">
    <subfield code="a">1. Contrato de agencia - 2. Contrato de agrupaci&#xF3;n de colaboraci&#xF3;n empresaria (A.C.E.) - 3. Contrato de ahorro previo  - 4. Contrato de apertura de cr&#xE9;dito bancario - 5. Contrato de caja de seguridad bancaria - 6. Contrato de compraventa de acciones - 7. Contratos de compraventa internacional y cr&#xE9;dito documentado - 8. Contrato de concesi&#xF3;n - 9. Contrato de cuenta corriente bancaria - 10. Contrato de dep&#xF3;sito bancario: caja de ahorro y plazo fijo - 11. Contrato de descuento bancario - 12. Contrato distribuci&#xF3;n - 13. Contrato de edici&#xF3;n - 14. Contrato estimatorio - 15. Contrato de factoring - 16. Contrato de fideicomiso - 17. Contrato de franchising - 18. Contrato de garaje - 19. Contrato de leasing - 20. Contratos de licencia, tecnolog&#xED;a e inform&#xE1;ticos - 21. Contrato de management o gerenciamiento - 22. Contrato de medicina prepaga - 23. Contrato de publicidad - 24. Contrato de sindicaci&#xF3;n de acciones - 25. Contrato de suministro - 26. Contrato de tarjeta de cr&#xE9;dito - 27. Contrato de telefon&#xED;a celular - 28. Contrato de tiempo compartido - 29. Contratos de turismo y viaje - 30. Contrato de underwriting - 31. Contratos de Uni&#xF3;n transitoria de empresas (UTE) y Joint Venture</subfield>
  </datafield>
  <datafield tag="041" ind1=" " ind2=" ">
    <subfield code="a">spa</subfield>
  </datafield>
  <datafield tag="942" ind1=" " ind2=" ">
    <subfield code="c">BK</subfield>
  </datafield>
  <datafield tag="590" ind1=" " ind2=" ">
    <subfield code="a">niveau_biblio:m niveau_hierar:0</subfield>
  </datafield>
  <datafield tag="100" ind1="1" ind2=" ">
    <subfield code="a">Favier Dubois, Eduardo Mario (h)</subfield>
  </datafield>
  <datafield tag="856" ind1="4" ind2="1">
    <subfield code="u">https://biblioeco.unsa.edu.ar/pmb/images/libros/Practicas en contratos de empresas modernos y posmodernos2-l117463.jpg</subfield>
    <subfield code="y">Imagen de portada</subfield>
    <subfield code="q">image/jpeg</subfield>
  </datafield>
  <datafield tag="999" ind1=" " ind2=" ">
    <subfield code="c">181</subfield>
    <subfield code="d">181</subfield>
  </datafield>
  <datafield tag="952" ind1=" " ind2=" ">
    <subfield code="0">0</subfield>
    <subfield code="1">0</subfield>
    <subfield code="4">0</subfield>
    <subfield code="7">0</subfield>
    <subfield code="a">BCEJYS</subfield>
    <subfield code="b">BCEJYS</subfield>
    <subfield code="c">16</subfield>
    <subfield code="d">2026-04-07</subfield>
    <subfield code="l">0</subfield>
    <subfield code="o">347.74 F274p</subfield>
    <subfield code="p">L117463</subfield>
    <subfield code="r">2026-04-07 15:54:18</subfield>
    <subfield code="w">2026-04-07</subfield>
    <subfield code="y">L</subfield>
  </datafield>
</record>
